Thomas Milne's land use map of London and environs in 1800 (Record no. 116860)
[ view plain ]
| 000 -LEADER | |
|---|---|
| fixed length control field | 00901cem a22002175a 4500 |
| 001 - CONTROL NUMBER | |
| control field | L140390 |
| 008 - FIXED-LENGTH DATA ELEMENTS--GENERAL INFORMATION | |
| fixed length control field | 070920r19751800xxk a 0 f eng u |
| 035 ## - SYSTEM CONTROL NUMBER | |
| System control number | (Sirsi) u140390 |
| 041 0# - LANGUAGE CODE | |
| Language code of text/sound track or separate title | eng |
| 110 2# - MAIN ENTRY--CORPORATE NAME | |
| Corporate name or jurisdiction name as entry element | London Topographical Society |
| 9 (RLIN) | 106 |
| 245 00 - TITLE STATEMENT | |
| Title | Thomas Milne's land use map of London and environs in 1800 |
| Remainder of title | with an introduction by G. B. G. Bull |
| Medium | [cartographic material] |
| 250 ## - EDITION STATEMENT | |
| Edition statement | Facsim. |
| 255 ## - CARTOGRAPHIC MATHEMATICAL DATA | |
| Statement of scale | Scale 1:253440 |
| 260 ## - PUBLICATION, DISTRIBUTION, ETC. | |
| Place of publication, distribution, etc. | London |
| Name of publisher, distributor, etc. | London Topographical Society |
| Date of publication, distribution, etc. | 1975-6 |
| 300 ## - PHYSICAL DESCRIPTION | |
| Extent | 5 p. + 1 map on 6 sheets |
| Other physical details | in folder, col. |
| Dimensions | 51 x 37 cm., or smaller |
| 500 ## - GENERAL NOTE | |
| General note | A facsimile of Thomas Milne's Land use map of 1800, from the copy held by the British Library. Includes a five page introduction by G. B. G. Bull. |
| 651 4# - SUBJECT ADDED ENTRY--GEOGRAPHIC NAME | |
| Geographic name | London |
| 690 ## - LOCAL SUBJECT ADDED ENTRY--TOPICAL TERM (OCLC, RLIN) | |
| Topical term or geographic name as entry element | ENVIRONMENTAL AND LAND CONSULTANCY-GEOMATICS-MAPPING AND POSITIONING-CARTOGRAPHY |
| 700 1# - ADDED ENTRY--PERSONAL NAME | |
| Personal name | Milne, Thomas |
| 942 ## - ADDED ENTRY ELEMENTS (KOHA) | |
| Suppress in OPAC | 0 |
| Withdrawn status | Lost status | Source of classification or shelving scheme | Damaged status | Not for loan | Home library | Current library | Shelving location | Date acquired | Total Checkouts | Full call number | Barcode | Date last seen | Copy number | Price effective from | Koha item type |
|---|---|---|---|---|---|---|---|---|---|---|---|---|---|---|---|
| Dewey Decimal Classification | Historic collection | Historic collection | Historic collection | 20/09/2007 | MAP CABINET DRAWER 4 | 140390-2001 | 06/08/2019 | 1 | 06/08/2019 | Archive |